La prévision a court terme : (Registro nro. 5307)

Detalles MARC
000 -LEADER
fixed length control field 01073nam a2200253Ia 4500
003 - CONTROL NUMBER IDENTIFIER
control field OSt
005 - DATE AND TIME OF LATEST TRANSACTION
control field 20200611121738.0
008 - FIXED-LENGTH DATA ELEMENTS--GENERAL INFORMATION
fixed length control field 191128s1985 fr fr 001 0 fre d
020 ## - INTERNATIONAL STANDARD BOOK NUMBER
International Standard Book Number 2040031537
040 ## - CATALOGING SOURCE
Original cataloging agency CO-JMCR
Transcribing agency CO-JMCR
041 0# - LANGUAGE CODE
Language code of text/sound track or separate title fre
082 04 - DEWEY DECIMAL CLASSIFICATION NUMBER
Classification number 330 /
Item number L281p
Edition number 23
100 1# - MAIN ENTRY--PERSONAL NAME
Personal name Lewandowski, Rudolph,
Relator term autor
9 (RLIN) 4551
245 13 - TITLE STATEMENT
Title La prévision a court terme :
Remainder of title présentacion des techniques, organisation et mise en place des systémes de prévisions /
Statement of responsibility, etc. Rudolph Lewandowski
260 ## - PUBLICATION, DISTRIBUTION, ETC.
Place of publication, distribution, etc. Paris :
Name of publisher, distributor, etc. Bordas,
Date of publication, distribution, etc. 1985
300 ## - PHYSICAL DESCRIPTION
Extent xviii, 411 páginas ;
Dimensions 24 cm.
500 ## - GENERAL NOTE
General note Incluye índice analítico.
504 ## - BIBLIOGRAPHY, ETC. NOTE
Bibliography, etc. note Bibliografía: páginas 394-401
505 0# - FORMATTED CONTENTS NOTE
Formatted contents note Introduction á la prévision á court terme -- Les méthodes de prévision á court terme -- L'activité marketing dans la prévision á court terme -- Le cadre budgétaire et normatif -- La pratique actuelle de la prévision á court terme en Europe
546 ## - LANGUAGE NOTE
Language note Texto en francés
650 14 - SUBJECT ADDED ENTRY--TOPICAL TERM
Topical term or geographic name entry element Predicciones económicas
9 (RLIN) 4552
650 14 - SUBJECT ADDED ENTRY--TOPICAL TERM
Topical term or geographic name entry element Análisis económico
9 (RLIN) 1810
942 ## - ADDED ENTRY ELEMENTS (KOHA)
Source of classification or shelving scheme Dewey Decimal Classification
Koha item type Books
Existencias
Withdrawn status Lost status Source of classification or shelving scheme Damaged status Not for loan Collection code Home library Current library Date acquired Source of acquisition Cost, normal purchase price Total Checkouts Full call number Barcode Date last seen Date last checked out Copy number Koha item type
    Dewey Decimal Classification     Non-fiction Biblioteca Pública José María del Castillo y Rada Biblioteca Pública José María del Castillo y Rada 04/15/2018 Donación 0.00 1 330 / L281p 430001692 05/16/2024 02/20/2024 Ej.1 Books